[Event "Asia-ch"]
[Site "Kolkata"]
[Date "2001.08.17"]
[Round "11"]
[White "Zhang, Pengxiang"]
[Black "Dzhumaev, Marat"]
[Result "1-0"]
[WhiteElo "2487"]
[BlackElo "2497"]
[Annotator "Finkel,A"]
[PlyCount "93"]
[EventDate "2001.08.09"]
[EventType "swiss"]
[EventRounds "11"]
[EventCountry "IND"]
[SourceTitle "CBM 085"]
[Source "ChessBase"]
[SourceDate "2001.11.13"]
[SourceVersion "1"]
[SourceVersionDate "2001.11.13"]
[SourceQuality "1"]

1. e4 g6 2. d4 Bg7 3. Nc3 d6 4. f4 Nf6 5. Nf3 O-O 6. Bd3 Na6 7. e5 $5 {Rare
variation, but quiet poisonous white.} Ne8 (7... dxe5 8. dxe5 Nd5 9. Nxd5 Qxd5
10. Qe2 Bf5 11. Bxf5 gxf5 12. O-O (12. Be3 f6 13. O-O Rad8 14. Bxa7 Nb4 15. Bd4
c5 16. exf6 exf6 17. Bc3 $14 {Osman,M-Satta,V/Paris-ch 1993}) 12... f6 13. exf6
Bxf6 14. Be3 $14 {Van der Sterren,P-Haik,A/Budel zt 1987}) (7... Nd7 8. Ne4 c5
9. e6 fxe6 10. h4 cxd4 11. h5 Nac5 12. hxg6 h6 13. Qe2 Nxe4 14. Bxe4 Nc5 $13 {
Motwani,P-Howell,J/BCF-ch 1994}) 8. Be3 c5 (8... Nb4 9. Bc4 Bf5 10. Bb3 c6 11.
Nh4 Be6 12. Bxe6 fxe6 13. a3 $14 {Bathie,N-Pedersen,S/EU-chJM U20 1992}) 9.
dxc5 Nxc5 10. Bxg6 $5 {[%cal Gd1d8] Winning a pawn, but permitting black to
get strong counterchanses.} (10. Bxc5 dxc5 11. O-O (11. Qe2 Qa5 12. O-O {
1/2-1/2 Bellin,R-Hoi,C/Troll Masters 1990}) 11... Nc7 12. Qe2 (12. Be4 Qxd1 13.
Raxd1 Rb8 14. Rd2 b5 15. Bc6 Rb6 16. Be4 Bh6 17. g3 Bg4 18. Kg2 $14 {Cosma,
E-Zozulia,A/EUCupW 1998}) 12... Ne6 13. Qe3 Nd4 14. Ng5 b6 15. Rad1 Bg4 16. Rd2
h6 17. Nge4 Qd7 $13 {Womacka,M-Pfleger,H/BL2-O 1993}) 10... fxg6 11. Bxc5 Bg4 (
11... Rxf4 12. Qd5+ (12. Qd2 $5) 12... e6 (12... Kh8 13. O-O Nc7 14. Qd2 Ne6
15. Be3 Rf8 16. exd6 Qxd6 17. Qxd6 exd6 18. Rad1 $14) 13. Qd2 Rf5 $1 {[%cal
Gf5c5]} 14. Bxd6 Nxd6 15. exd6 b5 $132) 12. exd6 Nxd6 (12... exd6 13. Be3 (13.
Bd4 Rxf4 14. Bxg7 Bxf3 15. gxf3 Qh4+ $15) 13... Qa5 14. O-O Bxc3 15. bxc3 Qxc3
16. Bd4 $14) 13. Qd5+ Kh8 14. Bd4 Bxf3 15. Bxg7+ Kxg7 16. gxf3 $14 {White
keeps slightly better chanses} Nf5 {Better was R:f4 with defendable position:}
(16... Rxf4 17. O-O-O (17. Qe5+ Rf6 18. Nd5 $2 Nc4 19. Qe4 e6 $1 {[%csl Gd2]}
20. Nxf6 Qd2+ 21. Kf1 Ne3+ $19) 17... Qf8 18. Rhe1 Rxf3 19. Qe5+ Kg8 20. Qxe7
$14) 17. O-O-O Qxd5 18. Rxd5 Rad8 19. Re5 Rd7 20. Rhe1 {[%csl Re7]} Rc8 $6 {
[%cal Gf5d4]} (20... b6 $5 21. Ne4 Rf7 (21... h6 22. Ng3 $16 {[%csl Re7]}) 22.
c3 $16) 21. Ne4 Nd4 $2 22. Nc5 {[%csl Re7]} Rdc7 23. Rxe7+ Rxe7 24. Rxe7+ Kh6 (
24... Kf6 $6 25. Re5 b6 26. Ne4+ Kg7 27. c3 Nxf3 28. Re7+ $18) (24... Kg8 25.
Ne6 Nxc2 (25... Rxc2+ 26. Kd1 Nf5 27. Re8+ Kf7 28. Rf8+ Kxe6 29. Kxc2 $18) 26.
Kd2 Nb4 27. Rg7+ Kh8 28. Rxb7 $18) 25. Ne4 $1 $18 {Now black is hopeless.}
Rxc2+ (25... Nxc2 26. Ng5 Nd4+ 27. Kd1 Rh8 28. Nf7+ $18) 26. Kd1 Nf5 (26...
Rxh2 27. Ng5 $18 {[%csl Rh6]}) 27. Rxh7+ Kxh7 28. Kxc2 Nd4+ 29. Kd3 Nf5 (29...
Nxf3 30. Ng5+ Nxg5 31. fxg5 $18) 30. Ng3 $1 Nh4 31. Ke4 {[%cal Gf4f5]} Kg7 32.
f5 g5 33. Nh5+ Kf7 34. h3 {[%cal Gf3f4]} (34. f4 g4) 34... Ng2 35. f4 gxf4 36.
Nxf4 Nh4 37. Ng6 Ng2 38. Ne5+ Kf6 39. Nf3 Kg7 {[%csl Rg2]} 40. Ke5 Kh6 41. f6
Kg6 42. h4 a5 43. a4 b6 44. b3 Kh7 45. Ng5+ Kh6 46. f7 Kg7 47. h5 1-0

[Event "St Petersburg-ch"]
[Site "St Petersburg"]
[Date "2001.04.16"]
[Round "6"]
[White "Sivokho, Sergey V"]
[Black "Lugovoi, Aleksei"]
[Result "1-0"]
[WhiteElo "2476"]
[BlackElo "2512"]
[Annotator "Finkel,A"]
[PlyCount "73"]
[EventDate "2001.04.10"]
[EventType "tourn"]
[EventRounds "11"]
[EventCountry "RUS"]
[EventCategory "9"]
[SourceTitle "CBM 083"]
[Source "ChessBase"]
[SourceDate "2001.07.05"]
[SourceVersion "1"]
[SourceVersionDate "2001.07.05"]
[SourceQuality "1"]

1. e4 d6 2. d4 Nf6 3. Nc3 g6 4. Be3 c6 5. h3 Bg7 6. f4 O-O 7. Nf3 Nbd7 8. Bd3 (
8. g4 b5 9. e5 Nd5 10. Nxd5 cxd5 11. Qd2 Rb8 12. Bg2 $14 {Maiwald,J-Darius,H/
GER-ch 1997}) (8. e5 Nd5 (8... dxe5 9. dxe5 Nd5 10. Nxd5 cxd5 11. Bd3 b6 12.
O-O Nc5 13. b4 Nxd3 14. cxd3 f6 15. Bd4 Bf5 16. g4 $14 {Sveshnikov,E-Ibragimov,
I/Bled op 1996}) 9. Nxd5 cxd5 10. Bd3 Qb6 11. Qc1 dxe5 12. fxe5 f6 13. exf6
Nxf6 14. O-O Bf5 {1/2-1/2 Tkachiev,V-Leski,M/Paris op 1997}) 8... Qb6 $5 {
Extremly risky continuation.} (8... Qc7 9. O-O e5 10. dxe5 dxe5 11. f5 b5 12.
g4 gxf5 13. gxf5 Nh5 14. Ne2 $14 {Schmaltz,R-Wichmann,C/Schwaebisch Gmuend op
1995}) (8... Qa5 9. O-O e5 10. Qe1 Nh5 11. dxe5 dxe5 12. f5 b5 13. a3 Qd8 14.
Ne2 Bb7 15. Rd1 Qe7 16. Qb4 Qxb4 17. axb4 $14 {Masserey,Y-Schmaltz,R/
Altensteig-J 1994}) 9. Qd2 $5 {Accepting the challenge.} Qxb2 10. Rb1 Qa3 11.
e5 Ne8 $2 {After this move black finds himself under extremly hihg pressure,
while after natural} (11... Nd5 12. Nxd5 (12. Rb3 Qa5 13. Nxd5 Qxd2+ 14. Bxd2
cxd5 $15) 12... cxd5 13. O-O Nb6 14. Qf2 Nc4 $15 {he would keep an upper hand.}
) 12. O-O Qa5 13. Rb3 e6 14. Qf2 Qd8 $6 (14... f6 $5 15. exf6 (15. Ne4 dxe5 16.
dxe5 fxe5 17. Qh4 exf4 18. Bxf4 Qh5 $17) 15... Nexf6 16. g4 b5 17. Qh4 Qd8 18.
Ng5 Nb6 $15) 15. Ne4 Qe7 $6 (15... dxe5 16. fxe5 f6 $132) 16. Bc1 $1 {[%cal
Gb2a3,Gc1a3]} c5 (16... f5 17. Ned2 $5 {[%cal Gc1a3,Gd2c4]} (17. exd6 Nxd6 18.
Nxd6 Qxd6 19. Ba3 c5 20. Ne5 (20. dxc5 Qxf4 21. c6 bxc6 22. Bxf8 Nxf8 $15)
20... b6 21. Bb5 Nxe5 22. dxc5 $13)) 17. Ba3 b6 (17... dxe5 18. fxe5 b6 19.
dxc5 bxc5 20. Nxc5 Nxe5 21. Be4 $16) 18. exd6 Nxd6 19. dxc5 bxc5 20. Nxc5 $14
Nf6 (20... Nxc5 $2 21. Qxc5 Rd8 22. Qc6 $1 Bb7 23. Bxd6 $1 $18) 21. Ne5 Qc7 22.
Rfb1 Nd5 23. c4 Ne7 24. Qf3 $16 f6 $8 25. Qxa8 (25. Nxg6 $5 Nxg6 26. Qxa8 Nxf4
27. Bf1 f5 28. Kh1 $18) 25... fxe5 26. Ne4 Ndf5 (26... Nxe4 27. Qxe4 exf4 28.
Rb7 Bxb7 29. Rxb7 $1 $18 {[%csl Re7]}) 27. g4 $1 Nd4 (27... Ba6 28. Rb8 Nd4 29.
Bd6 $18) 28. Bd6 (28. Qb8 $5 Qxb8 29. Rxb8 Ndc6 30. Bxe7 Nxe7 31. fxe5 Nc6 32.
R8b3 Nxe5 $16) 28... Qd8 29. Qxa7 Nec6 30. Qb6 Qh4 $5 31. Bxf8 Bxf8 (31... Qxh3
32. Bxg7 Qxg4+ 33. Kf1 Qh3+ 34. Ke1 Qe3+ 35. Kd1 Qf3+ 36. Kc1 Qe3+ 37. Kb2 $18)
32. Bf1 {[%csl Gh3]} exf4 33. Qc7 $1 {No fear of gousts!} e5 34. Qxc8 f3 35.
Rb8 Nxb8 36. Rxb8 Ne2+ 37. Bxe2 1-0

[Event "EU-ch 2nd"]
[Site "Ohrid"]
[Date "2001.06.09"]
[Round "8"]
[White "Yegiazarian, Arsen"]
[Black "Bogdanovski, Vlatko"]
[Result "1-0"]
[WhiteElo "2529"]
[BlackElo "2463"]
[Annotator "Finkel,A"]
[PlyCount "57"]
[EventDate "2001.06.01"]
[EventType "swiss"]
[EventRounds "13"]
[EventCountry "YUG"]
[SourceTitle "CBM 084"]
[Source "ChessBase"]
[SourceDate "2001.09.13"]
[SourceVersion "1"]
[SourceVersionDate "2001.09.13"]
[SourceQuality "1"]

1. e4 d6 2. d4 Nf6 3. Nc3 g6 4. f4 Bg7 5. Nf3 O-O 6. Bd3 Na6 7. O-O c5 8. d5
Bg4 9. Bc4 {The most accurate move.} (9. h3 Bxf3 10. Rxf3 Nc7 11. a4 Rb8 12.
Qe1 Nd7 13. Bd2 Na6 14. Nd1 e6 15. dxe6 fxe6 16. Bc3 Bxc3 17. Nxc3 $14 {
Polgar,Zso-Hodgson,J/Amsterdam Donner op/1995}) (9. a3 $5 Nc7 10. h3 Bxf3 11.
Qxf3 e6 12. f5 exd5 13. exd5 Nd7 14. Qg3 Be5 15. Bf4 Ne8 16. Bxe5 Nxe5 17. Ne4
$36 {Zulfugarli,M-Kochetkov,G/Nikolaev zt/1995}) (9. Kh1 e6 10. dxe6 fxe6 11.
h3 Bxf3 12. Rxf3 Nb4 13. f5 gxf5 14. exf5 Qc8 $132 {Okkes,M-Cuijpers,F/
NLD-chT9495}) (9. Qe1 $6 Nb4 10. Qh4 c4 11. Bxc4 Nxc2 12. Rb1 Bxf3 $1 13. Rxf3
Rc8 14. Bb3 Nd4 15. Rh3 Nxb3 16. axb3 h5 $15 {Plachetka,J-Jansa,V/CL
Trnava-Bohemians/1992}) 9... Nc7 (9... e6 10. dxe6 (10. h3 exd5 11. Nxd5 Be6)
10... Bxe6 11. Bxe6 fxe6 12. Ng5 $1 {/\ f5|^}) (9... Nd7 10. h3 Bxf3 11. Rxf3 (
11. Qxf3 Nb6 12. Bb5 f5 13. exf5 gxf5 14. Bd2 Nc7 15. Bd3 c4 16. Be2 $14 {
Krakops,M-Nogueiras,J/Ubeda op 1997}) 11... Nc7 12. a4 Rb8 13. Qd3 Re8 14. Be3
a6 15. Raf1 $14 {Finkel,A-Zilberman,Y/ISR-ch 1996}) 10. h3 (10. a4 a6 11. a5 (
11. Qe2 $1 Nd7 {xe5} (11... Nd7 12. h3 Bxf3 13. Rxf3 $14)) 11... Nb5 $1) 10...
Bxf3 11. Qxf3 a6 (11... e6 $6 12. dxe6 fxe6 13. Rd1 $5 (13. Be3 b6 14. Rad1 Qe7
15. Rfe1 Kh8 16. g4 Rad8 17. Bf2 Nd7 18. Qg3 $36 {Wedberg,T-Azmaiparashvili,Z/
Reykjavik op 1990}) 13... Qe7 14. f5 $36) (11... Nd7 12. Be3 (12. Re1 a6 13. a4
Rb8 14. a5 b5 15. axb6 Rxb6 16. Qd3 Qb8 17. Ra2 Nb5 18. Bd2 g5 19. g3 Kh8 20.
Ne2 $14 {Tzermiadianos,A-Tsorbatzoglou,T/Ermoupoli 1996}) (12. a4 b6 13. h4 $6
e6 14. dxe6 Nxe6 15. Qh3 Nd4 $15 {Diedrichsen,D-Brettschneider,S/OL-NW9495})
12... a6 13. Rad1 b5 14. Be2 b4 15. Na4 Nb5 $132 {Hector,J-Hoi,C/Kobenhavn op/
1990}) 12. a4 Nd7 (12... b6 {Black's plan is very simple and logical:he just
wants to double his major pieces over the b-file and to transfer b5.The main
drawback of this plan is that it's too slow and white with energetic play
gains an opening advantage.} 13. Qd3 (13. Re1 Nd7 14. Ra3 Rb8 15. Rb3 Kh8 16.
Kh1 Qc8 17. Be3 b5 18. axb5 Nb6 19. Qf1 Nxc4 20. Qxc4 axb5 21. Nxb5 Rxb5 22.
Rxb5 {1/2-1/2 Wahls,M-Nogueiras,J/Capablanca mem-A 1996}) 13... Qb8 $5 {
[%cal Gb8b7,Gf8b8,Gb6b5]} 14. Be3 Qb7 15. Rab1 $1 $14 {[%cal Gb2b4] Grischuk,
A-Ponomariov,R/Lausanne 2000/CBM 78}) (12... Rb8 13. a5 b5 (13... e6 14. dxe6
Nxe6 15. Ne2 Nd4 16. Nxd4 cxd4 17. e5 Ne8 18. f5 $1 $36 {Wahls,M-Strikovic,A/
Zaragoza op 1996}) 14. axb6 Rxb6 15. Ra2 $14 {[%csl Gc1,Gc4,Gd5,Ge4,Gf4,Ra6]
^^,[+],><a6} (15. Qd3 Nb5 16. Bd2 Nc7 17. b3 e6 18. Ra5 Re8 19. Kh1 Qe7 20. Na4
$14 {Matros,A-Odesskij,I/Moscow2 1994})) 13. Qd3 (13. Rd1 $5 Rb8 14. a5 $16) (
13. Bd2 Rb8 14. Qe2 (14. a5 b5 15. axb6 Nxb6 16. Be2 Nb5 $13 {Pedzich,
D-Czerwonski,A/POL-chT 1994}) 14... Kh8 15. a5 Re8 16. Qd3 Qc8 17. b3 Ra8 18.
Rae1 b5 19. axb6 Nxb6 20. e5 $14 {Arnason,J-Hoi,C/Reykjavik 1988/TD}) (13. Qe2
$146 Kh8 $5 (13... f5 $2 14. e5 $16 {()}) 14. Rd1 Rb8 (14... f5 15. Bd2 {
[%cal Ya1b1,Yb2b4] /\Rab1,b4|^<<} fxe4 16. Nxe4 {[%csl Rf6,Rf7,Rg7,Rh6][%cal
Yd2c3] /\Bc3,׻}) 15. a5 b5 16. axb6 Rxb6 17. Ra2 $14 {Forster,R-Hodgson,J/
Horgen-B 1995} (17. Bxa6 $2 Qa8 $19)) (13. a5 b5 14. axb6 Nxb6 15. Be2 f5 $1
$13) (13. Re1 b6 14. Qd3 Qc8 15. Qg3 Qb7 16. Qh4 Nf6 17. Be2 b5 18. Bf3 Rad8
19. Be3 $13 {Staniszewski,P-Czerwonski,A/Warsaw 1998/EXT 2000}) 13... Rb8 (
13... Nb6 $1 14. Ba2 (14. Bb3 Rc8 {/\} (14... Nd7 15. Bd2 Rb8 16. a5 b5 17.
axb6 Nxb6 18. Nd1 Qd7 19. f5 Nb5 20. Rxa6 Nd4 21. Ne3 Qb7 22. Ra3 $14 {
Sutovsky,E-Kantsler,B/Israel 1999/EXT 2000}) 15. a5 c4) 14... Qd7 15. a5 Nc8
16. Bd2 b5 17. axb6 Nxb6 18. Rae1 $14 {Dolmatov,S-Chernin,A/Minsk 1987/URS-ch}
(18. Nd1 $5 {/\ c4, Bc3+/-})) 14. Be3 $5 (14. a5 b5 (14... Qc8 15. Na4 Kh8 16.
Bd2 b5 17. axb6 Nxb6 18. Nxb6 Rxb6 19. Bc3 Nb5 20. Bxg7+ Kxg7 $13 {Mortensen,
E-Hoi,C/Tonder 1993/TD}) 15. axb6 Nxb6 16. Bxa6 $2 (16. Nd1 e6 $1 17. c3 (17.
dxe6 fxe6 {/\ d5}) 17... Nxc4 18. Qxc4 exd5 19. exd5 f5 $1 $15 {Harley,
A-Hodgson,J/Dundee 1993/CBM 38}) 16... Ra8 17. Be3 Rxa6 18. Rxa6 c4 19. Bxb6
cxd3 20. Nb5 Nxa6 $19 {Knoflicek,C-Tibensky,R/AUT 1999/EXT 2001}) 14... Nb6 15.
b3 $5 {Interesting plan, which brought white success in the following game.}
Qd7 $6 {Strangely enough this natural move is serious inaccuracy. Better was} (
15... Nxc4 16. bxc4 b6 $14 {with slightly passive, but very solid position.})
16. a5 Nxc4 17. bxc4 b5 18. axb6 Rxb6 19. e5 Rc8 (19... Rfb8 20. Rae1 Rb4 21.
Bd2 $36 {[%cal Ge1e2,Gf1e1]}) 20. Rae1 dxe5 $2 {This move is just a suicide!
White gets passed pawns in the center and quickly decides the game in his
favor.} 21. Bxc5 Rb7 22. Ba3 $1 $16 {[%csl Re7]} Qf5 $8 (22... exf4 23. Rxe7
Qf5 24. Ne4 $18 {[%cal Ge4d6,Gd5d6]}) 23. Qxf5 gxf5 24. fxe5 Nb5 $6 (24... e6
25. Rf3 $1 (25. d6 Ne8 26. c5 Nxd6 $1 {[%csl Rc3]} 27. exd6 Bxc3 28. Rd1 Rd7
$16) 25... exd5 26. cxd5 Nb5 27. Nxb5 Rxb5 28. Rd3 Rxc2 29. d6 $18 {[%cal
Gd6d8]}) 25. cxb5 Rxc3 26. bxa6 Ra7 27. Rf3 Rxc2 28. d6 Bf8 (28... exd6 29.
exd6 Rc8 30. Rd3 Rd8 31. d7 $1 $18) 29. Rb1 1-0

[Event "EU-ch 2nd"]
[Site "Ohrid"]
[Date "2001.06.09"]
[Round "8"]
[White "Stefansson, Hannes"]
[Black "Nikolic, Predrag"]
[Result "1/2-1/2"]
[WhiteElo "2570"]
[BlackElo "2652"]
[Annotator "Finkel,A"]
[PlyCount "59"]
[EventDate "2001.06.01"]
[EventType "swiss"]
[EventRounds "13"]
[EventCountry "YUG"]
[SourceTitle "CBM 084"]
[Source "ChessBase"]
[SourceDate "2001.09.13"]
[SourceVersion "1"]
[SourceVersionDate "2001.09.13"]
[SourceQuality "1"]

1. e4 d6 2. d4 Nf6 3. Nc3 g6 4. f4 Bg7 5. Nf3 O-O 6. Bd3 Nc6 7. O-O e5 8. fxe5
(8. dxe5 dxe5 9. f5 $5) 8... dxe5 9. d5 Nd4 (9... Nb4 $5 10. Bc4 Ne8 11. Bg5 f6
12. Bh4 Nd6 13. Be2 a5 14. a3 Na6 15. b4 Qe8 16. Bf2 f5 17. Nd2 Bd7 $11 {
1/2-1/2 Almasi,Z-Chernin,A/ch-HUN, Budapest HUN 1997 (28)}) (9... Ne7 $6 10.
Bg5 h6 11. Bh4 c6 12. Nxe5 Qb6+ 13. Kh1 Qxb2 14. Qe1 g5 15. Rb1 Qa3 16. Nc4 $16
{1/2-1/2 Pedzich,D-Czerwonski,A/Polish Team-ch, Krynica POL 1997 (46)}) 10.
Nxe5 Nxd5 (10... Nxe4 11. Bxe4 Bxe5 12. Bf4 Bg7 13. Qd2 Bd7 $6 $146 (13... Re8
$6 14. Rae1 c6 15. Kh1 f5 16. Bd3 Rxe1 17. Rxe1 cxd5 18. Bg5 Qf8 19. Nxd5 Ne6
20. Be7 Qf7 21. Bc4 b5 22. Bb3 {1-0 Winterstein,W-Brettschneider,S/Baden Baden
op 1991}) (13... Nf5 $5 14. Nb5 Nd6 15. Nxd6 cxd6 16. Qb4 Re8 17. Bd3 Be5 18.
Rae1 a5 $5 (18... f6 19. Kh1 a5 20. Qd2 Bd7 21. c4 b6 22. Rf2 Rb8 23. Ref1 $14
{1-0 Polgar,S-Arduman,C/Budapest FS03 GM 1993 (48)}) 19. Qb3 Bxf4 20. Rxe8+
Qxe8 21. Rxf4 Qe3+ 22. Rf2 Qc5 $15 {0-1 Sylvan,J-Koch,W/Politiken Cup 1996 (41)
}) 14. Rae1 $32 Nf5 $6 (14... Re8 $142) 15. Bxf5 $1 Bxf5 16. Nb5 $14 {[%csl
Rc7] De Firmian,N-Jonsson,B/VISA GP 1998 (37) /\c4}) 11. Nxd5 Bxe5 12. Bf4 Nc6
13. Qd2 (13. Qe1 Be6 14. Bxe5 Nxe5 15. Nf6+ Kg7 16. Qc3 (16. Kh1 Qd4 17. Qg3
Qxb2 18. Rab1 Qc3 19. Rb5 $1 Nxd3 20. cxd3 Rfd8 21. Rh5 $1 $40 {1-0 Carlsson,
D-Tibensky,R/Mlada Boleslav op 1995 (35)}) 16... Qd6 17. Rad1 Rad8 18. Kh1 Qd4
19. Qe1 Qxb2 $15) (13. Bb5 Qd6 14. Qd2 f6 15. Bxc6 bxc6 16. Bxe5 Qxe5 17. Nc3
Ba6 18. Rfd1 Rab8 $11) 13... Be6 14. Bh6 (14. Bxe5 $6 Nxe5 15. Nf6+ Kg7 16. Qg5
$6 $146 (16. Qf4 Qd4+ 17. Kh1 Rad8 18. Qh4 h6 $15 {Mednis,E-Kaiszauri,K/
Reykjavik 1982/MCD-op}) 16... Ng4 $1 17. Nh5+ Kh8 18. Nf6 (18. Qxd8 Rfxd8 19.
Nf4 Kg7 20. h3 Ne5 21. Kf2 Rd6 22. Rfd1 Rad8 23. Be2 g5 24. Rxd6 Rxd6 $15)
18... Qd4+ $15) 14... Bxb2 $5 {This exchange sacrifice looks the best way to
play in this position: as shows the following game black quiet easily holds
the position.} (14... Bg7 $6 15. Bxg7 Kxg7 16. Qc3+ f6 17. Ba6 $1 Rb8 18. Rad1
Bxd5 19. Rxd5 Qe8 20. Rc5 $14 {Nevostrujev,V-Zakharevich,I/Orel 1992/EXT 97})
15. Rab1 Bd4+ (15... Bg7 $2 16. Bxg7 Kxg7 17. Qc3+ f6 18. Rxb7 $16 {[%csl Rc6,
Rc7]}) 16. Kh1 Bxd5 17. exd5 (17. Bxf8 $2 Bxa2 $17) 17... Qxd5 18. Bxf8 Rxf8
19. Bb5 $5 {[%cal Gc2c3]} (19. Rxb7 $6 Bb6 {[%csl Rb7]} 20. Qf4 Qd8 {[%cal
Gc6a5]} (20... Na5 21. Rxc7 Bxc7 22. Qxc7 $14) 21. Bc4 Qe7 22. Qh6 Kh8 $1 (
22... Na5 $2 23. Rxf7 $1 Rxf7 24. Rb8+) 23. Qd2 Na5 $13) 19... Ne7 20. Be2 $5 {
[%cal Ge2f3]} Bb6 (20... b6 $2 21. Rbd1 {[%cal Gd1d5,Gc2c3]} Rd8 22. c3 Be5 (
22... Bc5 23. Qf4 $18 {[%csl Rf7]}) 23. Qg5 $1 $18) 21. Qxd5 Nxd5 22. Bf3 c6
23. Bxd5 cxd5 24. a4 (24. Rfd1 Rc8 (24... d4 $5) 25. Rxd5 Rxc2 26. a4 Ra2 27.
Rd7 Rxa4 28. Rf1 Rc4 $11) 24... Rc8 25. a5 Bxa5 26. Rxb7 Rxc2 27. Rbxf7 Rc7 28.
Rf8+ Kg7 29. Rd8 Bb4 30. Rxd5 1/2-1/2

[Event "Dubai op"]
[Site "Dubai"]
[Date "2001.04.20"]
[Round "6"]
[White "Arkhipov, Sergey"]
[Black "Hamed, Ahmed"]
[Result "1/2-1/2"]
[WhiteElo "2531"]
[BlackElo "2331"]
[Annotator "Finkel,A"]
[PlyCount "60"]
[EventDate "2001.04.15"]
[EventType "swiss"]
[EventRounds "9"]
[EventCountry "UAE"]
[SourceTitle "CBM 083"]
[Source "ChessBase"]
[SourceDate "2001.07.05"]
[SourceVersion "1"]
[SourceVersionDate "2001.07.05"]
[SourceQuality "1"]

1. e4 d6 2. d4 Nf6 3. Nc3 g6 4. f4 Bg7 5. Nf3 O-O 6. Be3 b6 7. Qd2 (7. h3 c5 8.
d5 a6 9. a4 Nbd7 10. Bd3 Rb8 11. Qe2 $14) (7. Bd3 c5 (7... Bb7 8. Qe2 (8. O-O
Na6 $5 {[%cal Ga6b4]} 9. f5 c5 10. fxg6 hxg6 11. d5 Nc7 12. Qe1 Qd7 13. h3 $14
{[%cal Ge1h4] Bologan,V-Todorcevic,M/JUG 1994/EXT 99 1-0(32)}) 8... c5 9. O-O-O
cxd4 10. Bxd4 Nc6 11. Bxf6 Bxf6 12. e5 Bg7 13. Be4 Qd7 14. h4 Qg4 $132 {
Bareev,E-Plachetka,J/Trnava 1989/CBM 12 (39)}) 8. Qe2 Nc6 9. e5 Ng4 10. Be4 Nb4
11. O-O-O Ba6 12. Qe1 d5 13. dxc5 Nxe3 14. Qxe3 e6 15. a3 Nc6 16. Bd3 $14 {
Bologan,V-Gipslis,A/Ostrava 1993/CBM 38 1-0 (47)}) 7... Bb7 8. Bd3 (8. e5 Ng4
9. O-O-O c5 10. dxc5 Nxe3 11. Qxe3 bxc5 12. Bc4 Nc6 13. Ng5 Nd4 14. h4 dxe5 15.
fxe5 Qc7 16. Rde1 Nf5 17. Qf4 $36 {Drbohlav,F-Pribyl,M/Extraliga CZE 2000})
8... c5 (8... a6 9. a4 e6 10. h3 c5 11. O-O Nbd7 12. f5 gxf5 13. exf5 cxd4 14.
Nxd4 e5 15. Nb3 d5 16. Bh6 Bxh6 17. Qxh6 Kh8 $15 {Kotan,L-Sturua,Z/Cappelle la
Grande 1996/CBM 51 ext}) ({deserved serious attention} 8... Na6 $5 {[%cal
Gc7c5,Ga6b4]}) 9. O-O-O (9. d5 Na6 (9... Nbd7 10. h3 a6 11. a4 Qc7 $15 {
[%cal Gc5c4,Ge7e6] Pavasovic,D-Conquest,S/EU-chT 1999}) (9... a6 10. a4 Qc8 11.
Bc4 Nbd7 12. O-O Ng4 13. Bf2 Nxf2 14. Qxf2 Nf6 15. e5 Ng4 16. Qe2 $14 {
Dworakowska,J-Gurieli,N/Eu Team Ch (women) 1999}) 10. Qe2 Nc7 11. a4 e6 12.
dxe6 fxe6 13. O-O-O d5 14. exd5 exd5 $15 {Senador,E-Urban,K/Erevan olm 1996})
9... Nbd7 $5 {Very logical and good move. In the following game white didn't
show the way to opening advantage.} (9... Ng4 10. Bg1 cxd4 11. Nxd4 e5 12. Nde2
exf4 13. Nxf4 Nd7 14. Be2 Nde5 15. h3 Nf6 16. Nfd5 Bxd5 17. exd5 Rc8 $13 {
Azadmanesh,M-Pel,B/Open 2000}) 10. h3 (10. e5 $6 Ng4 11. Bg1 cxd4 12. Bxd4 dxe5
13. fxe5 Ndxe5 $17) 10... Rc8 11. e5 (11. d5 $6 a6 12. g4 c4 13. Be2 b5 14. g5
b4 $1 $132) (11. g4 $2 c4 $17 {[%csl Re4]}) 11... Nd5 12. Nxd5 Bxd5 13. Ba6 (
13. Kb1 Bxf3 14. gxf3 cxd4 15. Bxd4 dxe5 16. fxe5 Nxe5 $17) 13... Rb8 14. Qe2
Qc7 $1 15. Bb5 (15. dxc5 Bxf3 16. gxf3 (16. Qxf3 dxe5 17. cxb6 Nxb6 $40 {
[%csl Rc1][%cal Gb6a4,Ge5f4]}) 16... dxe5 (16... bxc5 $6 17. Bb5 $132) 17. cxb6
(17. fxe5 Qxe5 $1 18. Rxd7 Qxb2+ 19. Kd1 Qa1+ 20. Bc1 Bh6 21. Rd2 bxc5 $19 {
[%cal Gb8b1]}) 17... Nxb6 18. fxe5 Bxe5 $36) 15... c4 $5 {A begining of
interesting and unusual plan.} 16. Nd2 Rfc8 17. c3 Qb7 18. Rhg1 (18. exd6 $1
exd6 (18... a6 19. Bxc4 Bxc4 20. Nxc4 b5 21. Ne5 exd6 22. Nxd7 Qxd7 $14) 19.
Nxc4 Qc7 {[%cal Gc8c1]} 20. b3 (20. Nd2 Bxa2 $13) 20... a6 21. Bxd7 $6 (21.
Bxa6 b5 22. Bxc8 bxc4 $1 (22... Rxc8 23. Nb2 Qxc3+ 24. Kb1 Be4+ 25. Ka1 $16)
23. Bxd7 cxb3 $44) 21... Qxd7 $15) 18... a6 19. Bxc4 Bxc4 20. Nxc4 Qd5 $15 {
[%csl Ra2]} 21. Nd2 (21. b3 b5 22. Nd2 Rxc3+ 23. Kb1 Rbc8 24. Rc1 dxe5 25. dxe5
f6 $17) 21... Qxa2 22. Kc2 Qa4+ 23. Nb3 (23. Kb1 $5 $15) 23... a5 24. Ra1 Qc6
25. Qf3 a4 26. Nd2 d5 $1 $15 27. Rgc1 (27. f5 b5 {[%cal Gb5b4]}) 27... e6 28.
Kd1 b5 29. b3 axb3 30. Nxb3 Ra8 $15 1/2-1/2